अर्वाचिन मराठी गद्याची पूर्वपिटिका (Record no. 402288)
[ view plain ]
| 000 -LEADER | |
|---|---|
| fixed length control field | 00630nam a2200145Ia 4500 |
| 008 - FIXED-LENGTH DATA ELEMENTS--GENERAL INFORMATION | |
| fixed length control field | 100122s9999 xx 000 0 und d |
| 082 ## - DEWEY DECIMAL CLASSIFICATION NUMBER | |
| Item number | 10695 |
| Classification number | 828.08 |
| 100 ## - MAIN ENTRY--PERSONAL NAME | |
| Personal name | सरदार गं बा |
| 245 ## - TITLE STATEMENT | |
| Title | अर्वाचिन मराठी गद्याची पूर्वपिटिका |
| 260 ## - PUBLICATION, DISTRIBUTION, ETC. (IMPRINT) | |
| Name of publisher, distributor, etc | गंगाधर बा सरदार |
| Date of publication, distribution, etc | 1937 |
| 300 ## - PHYSICAL DESCRIPTION | |
| Extent | 357 |
| 630 ## - SUBJECT ADDED ENTRY--UNIFORM TITLE | |
| Uniform title | अर्वाचिन मराठी गद्याची पूर्वपिटिका |
| 730 ## - ADDED ENTRY--UNIFORM TITLE | |
| Uniform title | अर्वाचिन मराठी गद्याची पूर्वपिटिका |
| 942 ## - ADDED ENTRY ELEMENTS (KOHA) | |
| Koha item type | Book |
No items available.